Normal view
MARC view
Entry Meeting Name
001 - CONTROL NUMBER
- control field: 20989
003 - CONTROL NUMBER IDENTIFIER
- control field: OSt
005 - DATE AND TIME OF LATEST TRANSACTION
- control field: 20211105134536.0
008 - FIXED-LENGTH DATA ELEMENTS
- fixed length control field: 211105|| aca||aabn | a|a d
040 ## - CATALOGING SOURCE
- Original cataloging agency: OSt
- Transcribing agency: OSt
111 ## - HEADING--MEETING NAME
- Meeting name or jurisdiction name as entry element: International Astronomical Union Colloquium on Eruptive Solar Flares
- Location of meeting: Johannesburg
- Date of meeting or treaty signing: 1996 Jan. 22-26
670 ## - SOURCE DATA FOUND
- Source citation: Work cat.: (OSt): International Astronomical Union Colloquium on Eruptive Solar Flares Johannesburg 1996 Jan. 22-26, New extragalactic perspectives in the New South Africa, 1996